Profit at the bottom of the ladder : Creating value by investing in your workforce
Featuring cases from companies around the globe, this book shows how real organizations are excelling financially by strengthening frontline employees' working conditions.
محفوظ في:
| المؤلف الرئيسي: | |
|---|---|
| التنسيق: | كتاب |
| اللغة: | Undetermined |
| منشور في: |
Boston, Mass.
Harvard Business Press
2010
|
| الموضوعات: | |
| الوسوم: |
إضافة وسم
لا توجد وسوم, كن أول من يضع وسما على هذه التسجيلة!
|
| Thư viện lưu trữ: | Trung tâm Học liệu Trường Đại học Cần Thơ |
|---|
| LEADER | 00816nam a2200217Ia 4500 | ||
|---|---|---|---|
| 001 | CTU_187072 | ||
| 008 | 210402s9999 xx 000 0 und d | ||
| 082 | |a 658.3 | ||
| 082 | |b H618 | ||
| 100 | |a Heymann, Jody | ||
| 245 | 0 | |a Profit at the bottom of the ladder : | |
| 245 | 0 | |b Creating value by investing in your workforce | |
| 245 | 0 | |c Jody Heymann, Magda Barrera | |
| 260 | |a Boston, Mass. | ||
| 260 | |b Harvard Business Press | ||
| 260 | |c 2010 | ||
| 520 | |a Featuring cases from companies around the globe, this book shows how real organizations are excelling financially by strengthening frontline employees' working conditions. | ||
| 650 | |a Personnel management,Quản trị nhân sự | ||
| 650 | |z United States,Mỹ | ||
| 904 | |i Giang | ||
| 980 | |a Trung tâm Học liệu Trường Đại học Cần Thơ | ||